| 000 | 00744nam a22002051 4500 | ||
|---|---|---|---|
| 001 | 162022 | ||
| 003 | ES-MaACL | ||
| 005 | 20230906212416.0 | ||
| 008 | 931025s1527 sz |||| | lat d | ||
| 040 |
_aCCP _bspa _cPAB _dCCPB |
||
| 100 | 0 |
_aPhilippus _cPresbyter. _991683 |
|
| 245 | 1 | 0 | _aPhilippi Presbyteri ... In historiam Iob commentariorum libri tres ... |
| 260 |
_aBasileae : _bper Adamum Petrum ..., _c1527. |
||
| 300 |
_a[24], 211 p. ; _cFol. |
||
| 510 | 4 |
_aCCBE S. XVI, _cP, 1514 |
|
| 596 | _aMarca tip. en port. y colofón. | ||
| 597 | _aSign.: [alfa-gamma]4, a6, b-z4, A-C4. | ||
| 630 | 0 | 4 |
_aBiblia. _pA.T. _pJob- _vComentarios. _9119265 |
| 852 |
_aES-MaACL _jR-3349 _z-- Enc. perg. _z-- Ex-libris ms. de Vicente de Quintanilla |
||
| 999 |
_c162022 _d162022 |
||